[Event "71st POL-ch (w)"]
[Site "Warsaw POL"]
[Date "2019.05.17"]
[Round "7.5"]
[White "Rajlich, Iweta"]
[Black "Kubicka, Anna"]
[Result "1/2-1/2"]
[WhiteElo "2378"]
[BlackElo "2142"]
[EventDate "2019.05.11"]
[PlyCount "162"]

1.d4 d6 2.g3 Nd7 3.d5 g6 4.Bg2 Bg7 5.Nf3 Ngf6 6.Nc3 Nc5 7.Nd4 e5 8.dxe6 
Nxe6 9.Nxe6 fxe6 10.e4 e5 11.Bg5 Be6 12.h4 Qd7 13.Bxf6 Bxf6 14.Nd5 Rf8 15.
Qd2 c6 16.Nxf6+ Rxf6 17.Qe3 Qf7 18.O-O Bg4 19.f3 Be6 20.b3 Qc7 21.Kh2 b6 
22.a4 a5 23.Rab1 Rf7 24.c3 Kf8 25.f4 exf4 26.gxf4 d5 27.e5 Kg8 28.Qg3 Kh8 
29.Rbd1 Rd8 30.Rd2 Qe7 31.Qg5 Qf8 32.Bh3 Bxh3 33.Kxh3 Rf5 34.Qg3 Qe7 35.
Rf3 Rdf8 36.c4 dxc4 37.bxc4 Qe6 38.Rd6 Qxc4 39.e6 Qe4 40.Qf2 R5f6 41.f5 
gxf5 42.Re3 Qg4+ 43.Kh2 Re8 44.Rxc6 f4 45.Rc4 Qf5 46.Ree4 f3 47.e7 Rg6 48.
Rf4 Qe5 49.Re4 Qd6 50.Qxf3 Rf6 51.Rd4 Rxf4 52.Rxd6 Rxf3 53.Rd8 Kg7 54.Rxe8
Re3 55.Rb8 Rxe7 56.Rxb6 Re4 57.h5 Rxa4 58.h6+ Kf7 59.Ra6 Ra3 60.Kg2 a4 61.
Kh2 Ra1 62.Kg2 a3 63.Kh2 a2 64.Kg2 Ke7 65.Kh2 Kd7 66.Kg2 Kc7 67.Kh2 Kb7 
68.Ra3 Kc6 69.Ra8 Kd6 70.Kg2 Ke6 71.Kh2 Kf6 72.Ra6+ Kg5 73.Kg2 Kh5 74.Kh2 
Rb1 75.Rxa2 Rb6 76.Ra5+ Kxh6 77.Kh3 Kg6 78.Kh4 Rb4+ 79.Kh3 h5 80.Ra6+ Kg5 
81.Ra5+ Kg6 1/2-1/2

[Event "71st POL-ch (w)"]
[Site "Warsaw POL"]
[Date "2019.05.18"]
[Round "8.1"]
[White "Szczepkowska, Karina"]
[Black "Kubicka, Anna"]
[Result "1/2-1/2"]
[WhiteElo "2431"]
[BlackElo "2142"]
[EventDate "2019.05.11"]
[PlyCount "90"]

1.d4 Nf6 2.c4 e6 3.Nf3 d5 4.Nc3 Bb4 5.Qa4+ Nc6 6.e3 O-O 7.Bd2 dxc4 8.Bxc4 
Bd6 9.h3 e5 10.d5 Ne7 11.e4 c6 12.dxc6 Nxc6 13.Be3 Qa5 14.O-O-O Bb4 15.
Qxa5 Nxa5 16.Bd5 Bxc3 17.bxc3 Nxd5 18.Rxd5 Nc4 19.Nxe5 Nxe3 20.fxe3 Be6 
21.Ra5 b6 22.Ra4 f6 23.Nf3 Bd7 24.Rd4 Bc6 25.Rc4 Rac8 26.Rd1 b5 27.Rcd4 
Rfe8 28.Nd2 f5 29.Kb2 Bxe4 30.Nxe4 Rxe4 31.Rxe4 fxe4 32.Kb3 Rf8 33.Rd2 Rf1
34.Kb4 Re1 35.Kxb5 Rxe3 36.c4 Rd3 37.Re2 e3 38.c5 Kf7 39.Kc4 Ra3 40.Kd5 
Ke7 41.Rb2 Rd3+ 42.Ke4 Rc3 43.Kd4 Ra3 44.Re2 Kd7 45.Rxe3 Rxa2 1/2-1/2

[Event "71st POL-ch (w)"]
[Site "Warsaw POL"]
[Date "2019.05.18"]
[Round "8.2"]
[White "Socko, Monika"]
[Black "Rajlich, Iweta"]
[Result "1/2-1/2"]
[WhiteElo "2445"]
[BlackElo "2378"]
[EventDate "2019.05.11"]
[PlyCount "70"]

1.d4 d5 2.Nf3 Nc6 3.g3 Bg4 4.Bg2 Qd7 5.h3 Bf5 6.a3 Be4 7.b4 Nf6 8.Nc3 Bxf3
9.exf3 g6 10.f4 Bg7 11.Be3 O-O 12.O-O e6 13.Qd3 Ne7 14.Nb1 Nf5 15.Nd2 Nd6 
16.Kh2 Rfd8 17.Rfd1 a5 18.Rdb1 axb4 19.axb4 Qb5 20.Qxb5 Nxb5 21.Ra5 c6 22.
Bf1 b6 23.Rxa8 Rxa8 24.Nf3 Ne4 25.Ne5 Nec3 26.Rb3 Rc8 27.Kg2 f6 28.Nf3 Ra8
29.Bd2 Ne4 30.Bc1 Ned6 31.g4 Ra2 32.Rb2 Ra1 33.Be3 Nc4 34.Rb3 Ra2 35.Bd3 
Kf7 1/2-1/2

[Event "71st POL-ch (w)"]
[Site "Warsaw POL"]
[Date "2019.05.18"]
[Round "8.3"]
[White "Kulon, Klaudia"]
[Black "Zawadzka, Jolanta"]
[Result "0-1"]
[WhiteElo "2357"]
[BlackElo "2427"]
[EventDate "2019.05.11"]
[PlyCount "60"]

1.e4 e5 2.Nf3 Nc6 3.Nc3 Nf6 4.Bb5 Bc5 5.d3 O-O 6.Bg5 h6 7.Bh4 Re8 8.Qd2 
Nd4 9.Bc4 c6 10.O-O-O b5 11.Bb3 a5 12.a4 Bb4 13.Qe3 Nxb3+ 14.cxb3 bxa4 15.
Nxa4 Rb8 16.g4 d5 17.g5 Ng4 18.Qe2 hxg5 19.Bxg5 Be7 20.h4 Rxb3 21.Qc2 Rb4 
22.Bd2 Rb8 23.Rdg1 dxe4 24.dxe4 Be6 25.Nc5 Bxc5 26.Qxc5 Rb5 27.Qc3 Rb3 28.
Qxb3 Bxb3 29.Rxg4 Qd3 30.Ne1 Qe2 0-1

[Event "71st POL-ch (w)"]
[Site "Warsaw POL"]
[Date "2019.05.18"]
[Round "8.5"]
[White "Sliwicka, Alicja"]
[Black "Dwilewicz, Katarzyna"]
[Result "0-1"]
[WhiteElo "2271"]
[BlackElo "2028"]
[EventDate "2019.05.11"]
[PlyCount "154"]

1.e4 c5 2.Nf3 d6 3.d4 cxd4 4.Qxd4 a6 5.c4 Nc6 6.Qd2 Nf6 7.Nc3 g6 8.b3 Bg7 
9.Bb2 O-O 10.Be2 Qa5 11.Nd5 Qxd2+ 12.Nxd2 Nxd5 13.Bxg7 Kxg7 14.cxd5 Nd4 
15.Rc1 Rd8 16.Rc7 Rd7 17.Rc4 e5 18.Nf3 b5 19.Rc3 b4 20.Rc4 Nxe2 21.Kxe2 a5
22.Kd2 Ba6 23.Rc6 Bb7 24.Rc2 f5 25.Ke3 fxe4 26.Kxe4 Rf8 27.Rd1 h6 28.Ng1 
g5 29.Ke3 Kf6 30.Ne2 Ke7 31.Ng3 Kd8 32.Ne4 Rc7 33.Rxc7 Kxc7 34.f3 Kd7 35.
g4 Rc8 36.Rd2 Ke7 37.Kf2 Rc1 38.Kg2 Ba6 39.Ng3 Bc8 40.Nf1 Bb7 41.Ne3 Rc5 
42.Kg3 Kd7 43.h4 Rc3 44.Kf2 gxh4 45.Nc4 Kc7 46.Nxa5 Kb6 47.Nxb7 Kxb7 48.f4
Rh3 49.Rd1 Rh2+ 50.Kg1 Rxa2 51.fxe5 dxe5 52.d6 Kc8 53.Rd5 Rb2 54.Rxe5 Rxb3
55.Kh2 Rg3 56.Re4 b3 57.Rb4 Kd7 58.Rb6 Rc3 59.Kg2 Ke6 60.Kh2 Rd3 61.Kg2 
Kd7 62.Kh2 Ke6 63.Kg2 Kd5 64.d7 Kc4 65.Rc6+ Kb4 66.Rxh6 Rxd7 67.Rb6+ Kc4 
68.Kh3 Rd5 69.Kxh4 Rb5 70.Rc6+ Kd3 71.Rc1 b2 72.Rb1 Kc2 73.Rg1 b1=Q 74.
Rxb1 Rxb1 75.Kg5 Kd3 76.Kf6 Ke4 77.g5 Rb6+ 0-1

[Event "71st POL-ch (w)"]
[Site "Warsaw POL"]
[Date "2019.05.19"]
[Round "9.1"]
[White "Dwilewicz, Katarzyna"]
[Black "Szczepkowska, Karina"]
[Result "0-1"]
[WhiteElo "2028"]
[BlackElo "2431"]
[EventDate "2019.05.11"]
[PlyCount "58"]

1.e4 d6 2.Nc3 g6 3.d4 Bg7 4.Nf3 a6 5.Be2 b5 6.O-O Bb7 7.a4 b4 8.Nd5 a5 9.
Bg5 h6 10.Bh4 g5 11.Bg3 e6 12.Ne3 Bxe4 13.d5 e5 14.h4 Nd7 15.Bd3 Bxd3 16.
Qxd3 Nc5 17.Qb5+ Qd7 18.hxg5 Ne7 19.Rfe1 e4 20.gxh6 Bxb2 21.Rad1 Qxb5 22.
axb5 exf3 23.Nf5 Bf6 24.Nxe7 Bxe7 25.Bh4 f6 26.Bxf6 Rh7 27.Bxe7 Rxe7 28.h7
Rxe1+ 29.Kh2 Kf7 0-1

[Event "71st POL-ch (w)"]
[Site "Warsaw POL"]
[Date "2019.05.19"]
[Round "9.3"]
[White "Zawadzka, Jolanta"]
[Black "Warakomska, Anna"]
[Result "1-0"]
[WhiteElo "2427"]
[BlackElo "2218"]
[EventDate "2019.05.11"]
[PlyCount "83"]

1.e4 c5 2.Nf3 Nf6 3.e5 Nd5 4.Nc3 Nxc3 5.dxc3 Nc6 6.Bf4 Qb6 7.b3 Qc7 8.Bg3 
e6 9.Qd2 h6 10.h4 a6 11.a4 b6 12.h5 Bb7 13.Be2 O-O-O 14.O-O-O Ne7 15.Bh2 
g5 16.Rhe1 Nd5 17.c4 Nb4 18.c3 Nc6 19.g4 f5 20.exf6 d6 21.Qc2 Kb8 22.Nd2 
e5 23.Bf3 Rd7 24.Bd5 Qd8 25.Ne4 Qe8 26.Kb2 Nd8 27.Qd3 Bc8 28.a5 bxa5 29.
Ra1 Rc7 30.Rxa5 Ne6 31.f3 Rhh7 32.Kc2 Rhf7 33.Rb1 Qd8 34.Bxe6 Bxe6 35.Rxa6
Qc8 36.Rba1 Ra7 37.Rxa7 Rxa7 38.Rxa7 Kxa7 39.Nxd6 Qa6 40.Nb5+ Kb6 41.Qd8+ 
Kb7 42.Kb2 1-0

[Event "71st POL-ch (w)"]
[Site "Warsaw POL"]
[Date "2019.05.19"]
[Round "9.4"]
[White "Rajlich, Iweta"]
[Black "Kulon, Klaudia"]
[Result "1-0"]
[WhiteElo "2378"]
[BlackElo "2357"]
[EventDate "2019.05.11"]
[PlyCount "91"]

1.d4 Nf6 2.Nf3 g6 3.g3 Bg7 4.Bg2 O-O 5.O-O d6 6.Re1 Na6 7.e4 c5 8.e5 dxe5 
9.dxe5 Nd7 10.Qe2 Nc7 11.Nc3 Ne6 12.Bf4 Nxf4 13.gxf4 e6 14.Rad1 Qb6 15.Nb5
a6 16.Nd6 Nb8 17.Nxc8 Rxc8 18.Ng5 Nc6 19.Bxc6 Qxc6 20.Rd6 Qa4 21.Qe4 Qxe4 
22.Nxe4 Rc7 23.Red1 h6 24.h4 Kh7 25.Kg2 c4 26.Rd7 Rac8 27.a4 Kg8 28.Rd8+ 
Rxd8 29.Rxd8+ Kh7 30.Kf3 Bh8 31.c3 Bg7 32.a5 g5 33.hxg5 h5 34.Nd6 Rc5 35.
Rd7 Rd5 36.Rxf7 Rd3+ 37.Kg2 Kg6 38.Re7 h4 39.f3 Bf8 40.Rxe6+ Kh5 41.Ne4 
Bg7 42.Re7 Bf8 43.Rh7+ Kg6 44.Rxh4 Rd1 45.Rh8 Bg7 46.Rb8 1-0

[Event "71st POL-ch (w)"]
[Site "Warsaw POL"]
[Date "2019.05.19"]
[Round "9.5"]
[White "Kubicka, Anna"]
[Black "Socko, Monika"]
[Result "0-1"]
[WhiteElo "2142"]
[BlackElo "2445"]
[EventDate "2019.05.11"]
[PlyCount "54"]

1.d4 Nf6 2.c4 e6 3.Nc3 Bb4 4.Qc2 O-O 5.a3 Bxc3+ 6.Qxc3 d6 7.Bg5 Nbd7 8.e3 
b6 9.Nf3 Bb7 10.Nd2 Rc8 11.f3 c5 12.Bd3 h6 13.Bh4 d5 14.cxd5 cxd4 15.Qxd4 
e5 16.Bxf6 Nxf6 17.Qxe5 Re8 18.Qd4 Nxd5 19.Be4 Qh4+ 20.Kf1 Qe7 21.Bxd5 
Bxd5 22.Re1 Red8 23.Qa4 Bc6 24.Qg4 h5 25.Qh3 Bd7 26.Qxh5 g6 27.Qd5 Be6 0-1